| 000 -LEADER |
| fixed length control field |
00344nam a2200109Ia 4500 |
| 008 - FIXED-LENGTH DATA ELEMENTS--GENERAL INFORMATION |
| fixed length control field |
260210s9999 xx 000 0 und d |
| 020 ## - INTERNATIONAL STANDARD BOOK NUMBER |
| International Standard Book Number |
9781350294219 |
| 100 ## - MAIN ENTRY--PERSONAL NAME |
| Personal name |
Penny Sparke |
| 245 #0 - TITLE STATEMENT |
| Title |
Interiors in the Era of Covid-19: Interior Design between the Public and Private Realms |
| 260 ## - PUBLICATION, DISTRIBUTION, ETC. (IMPRINT) |
| Name of publisher, distributor, etc |
Bloomsbury Visual Arts |
| Date of publication, distribution, etc |
2023 |
| 942 ## - ADDED ENTRY ELEMENTS (KOHA) |
| Item type |
B.Design |
| Source of classification or shelving scheme |
|